000 00663nam a2200217 i 4500
001 84208
003 ES-MaACL
005 20250323192210.0
007 t|
008 041122s1967 sp ||||1| spa d
100 0 _aLe Corbusier.
_970860
245 1 0 _aGaudí /
_ctexto, Le Corbusier (seud.) ; fotoscop, Gomis-Prats.
250 _a[2ª ed.].
260 _aBarcelona :
_bPolígrafa,
_c[1967]
300 _a30 p., 71 lám. ;
_c21 cm.
500 _aEd. en español, inglés, francés y alemán.
600 1 4 _aGaudí, Antoni,
_d1852-1926
_955994
700 1 _aGomis-Prats, Joaquím.
_958215
852 _aES-MaACL
_jC-49355
_bR.83264
999 _c84208
_d84208